Decouvrir le PC et photo numérique pour les nuls / (Record no. 104579)

MARC details
000 -LEADER
campo de control de longitud fija 00516nam a2200181 4500
001 - NÚMERO DE CONTROL
campo de control 13296
005 - FECHA Y HORA DE LA ÚLTIMA TRANSACCIÓN
campo de control 20230411085615.0
008 - DATOS DE LONGITUD FIJA--INFORMACIÓN GENERAL
campo de control de longitud fija 060907n2002 dr spa
035 ## - NÚMERO DE CONTROL DEL SISTEMA
-- funglode13411
041 ## - CÓDIGO DE IDIOMA
Código de lengua del texto/banda sonora o título independiente FR
050 14 - SIGNATURA TOPOGRÁFICA DE LA BIBLIOTECA DEL CONGRESO
Número de clasificación TR 267 K53d 2002
100 ## - ENTRADA PRINCIPAL--NOMBRE DE PERSONA
Nombre de persona King, Julie Adair
245 1# - MENCIÓN DEL TÍTULO
Título Decouvrir le PC et photo numérique pour les nuls /
Mención de responsabilidad, etc. Julie Adair King, Dan Gookin
260 ## - PUBLICACIÓN, DISTRIBUCIÓN, ETC.
Lugar de publicación, distribución, etc. Paris :
Nombre del editor, distribuidor, etc. Editions First Interactive,
Fecha de publicación, distribución, etc. 2002
300 ## - DESCRIPCIÓN FÍSICA
Extensión vii, 111 p.
700 ## - ENTRADA AGREGADA--NOMBRE PERSONAL
Nombre de persona Gookin, Dan
942 ## - ELEMENTOS DE ENTRADA SECUNDARIOS (KOHA)
Fuente del sistema de clasificación o colocación Clasificación de Library of Congress
Tipo de ítem Koha
Holdings
Estatus retirado Estado de pérdida Fuente del sistema de clasificación o colocación Estado de daño No para préstamo Colección Biblioteca de origen Biblioteca actual Ubicación en estantería Fecha de adquisición Signatura topográfica completa Código de barras Visto por última vez Copia número Tipo de ítem Koha
    Clasificación de Library of Congress     Colección de Tecnología Biblioteca Juan Bosch Biblioteca Juan Bosch Humanidades (4to. Piso) 21/01/2019 TR 267 K53d 2002 00000011457 21/01/2019 1